Just 3 Words: Commonly Misspelled Celebrities Quiz Stats

 Plays Quiz Updated Jul 19, 2018

Score 0/30 Timer 07:00
0 Plays Today
Three Words Last Name % Correct
Keira, Pirates, AtonementKeira Knightley
81.4%
Quentin, Django, BasterdsQuentin Tarantino
80.2%
Will, Anchorman, BuddyWill Ferrell
78.9%
Liam, Taken, SchindlerLiam Neeson
78.4%
Tobey, Spider-Man, SeabiscuitTobey Maguire
76.3%
Zooey, Summer, ElfZooey Deschanel
74.5%
Arnold, Terminator, PredatorArnold Schwarzenegger
73.5%
Ralph, Voldemort, BudapestRalph Fiennes
70.7%
Renée, Bridget, ChicagoRenée Zellweger
68%
Scarlett, Avengers, HerScarlett Johansson
67.2%
Liza, Cabaret, GarlandLiza Minnelli
66.4%
Martin, Director, GoodfellasMartin Scorsese
65.6%
Kristen, SNL, BridesmaidsKristen Wiig
63%
Jake, Darko, BrokebackJake Gyllenhaal
61.8%
Colin, Irish, ViceColin Farrell
60%
Three Words Last Name % Correct
Gisele, Model, BradyGisele Bündchen
57.9%
Shia, Stevens, TransformersShia LaBeouf
52%
Amanda, Miserables, MeanAmanda Seyfried
51.9%
Dan, Coneheads, BluesDan Aykroyd
51.9%
Rachel, Mummy, GardenerRachel Weisz
49.8%
Milla, Ukrainian, ElementMilla Jovovich
47.1%
Matthew, Magic, DallasMatthew McConaughey
44.5%
Jason, SNL, BossesJason Sudeikis
36.2%
Hayden, Heroes, NashvilleHayden Panettiere
34.2%
Janeane, Dogma, SNLJaneane Garofalo
30.9%
Zach, Hangover, BirdmanZach Galifianakis
29.2%
Gabourey, Precious, EmpireGabourey Sidibe
26.3%
Chiwetel, Northup, MartianChiwetel Ejiofor
24.6%
Mia, Alice, AustralianMia Wasikowska
15.4%
Joe, Richie, SladeJoe Manganiello
5.2%

You're not logged in!

Compare scores with friends on all Sporcle quizzes.
OR
Log In

Sporcle TV

Today on Sporcle TV


Watch our educational content, quiz creation guides, and fun videos on Sporcle TV.

Show Comments

Extras

Top Quizzes Today


Score Distribution

Your Account Isn't Verified!

In order to create a playlist on Sporcle, you need to verify the email address you used during registration. Go to your Sporcle Settings to finish the process.

Report this User

Report this user for behavior that violates our Community Guidelines.

Details: